Martin is our friend /

A young mentally handicapped boy encounters many difficulties in his relationship with the other children until he establishes a special bond with the horse he learns to ride.

Bibliographic Details
Main Author: Hasler, Eveline
Other Authors: Desmarowitz, Dorothea
Format: Book
Language:English
German
Published: Nashville : Abingdon, [1981]
Subjects:

MARC

Tag First Indicator Second Indicator Subfields
LEADER 00000pam a2200000 a 4500
001 in00000087309
005 20151008062908.0
008 810311s1981 tnua j 00011 eng
010 |a  81004853  
020 |a 0687236509 
035 |a (OCoLC)07280760 
035 |9 AAK1155AM 
039 0 |a 2  |b 3  |c 3  |d 3  |e 3 
040 |a DLC  |c DLC  |d TXA  |d UtOrBLW 
041 1 |a eng  |a ger 
049 |a [Curr Col] TXAM  |c [1561759] 
050 0 0 |a PZ7 H2765  |b  Mar 
082 0 |a [E]  |2 19 
100 1 |a Hasler, Eveline. 
240 1 0 |a Dann kroch Martin durch den Zaun.  |l English 
245 1 0 |a Martin is our friend /  |c Eveline Hasler ; illustrated by Dorothea Desmarowitz. 
264 1 |a Nashville :  |b Abingdon,  |c [1981] 
264 4 |c ©1981 
300 |a 26 unnumbered pages :  |b color illustrations ;  |c 27 cm. 
336 |a text  |b txt  |2 rdacontent 
337 |a unmediated  |b n  |2 rdamedia 
338 |a volume  |b nc  |2 rdacarrier 
500 |a Translation of: Dann kroch Martin durch den Zaun. 
520 |a A young mentally handicapped boy encounters many difficulties in his relationship with the other children until he establishes a special bond with the horse he learns to ride. 
650 1 |a People with mental disabilities  |v Fiction. 
650 1 |a Friendship  |x Fiction. 
650 1 |a Prejudices  |x Fiction. 
650 1 |a Horses  |x Fiction. 
700 1 |a Desmarowitz, Dorothea. 
999 |a MARS 
999 f f |s 98c96329-fa2a-3f0c-a25d-c3b8e6d503dc  |i d885ec2c-cab6-3447-a065-364f847029df  |t 0 
952 f f |p ric  |a Texas A&M University  |b Rellis Campus  |c Joint Library Facility  |d Remote Storage  |t 0  |e PZ7 H2765 Mar  |h Library of Congress classification  |i unmediated -- volume  |m A14805980579 
998 f f |a PZ7 H2765 Mar  |t 0  |l Remote Storage